Electrical power systems : (Record no. 83949)

MARC details
000 -LEADER
fixed length control field 00654nam a22002057a 4500
005 - DATE AND TIME OF LATEST TRANSACTION
control field 20140704113452.0
010 ## - LCCN (DPL NO)
LC control number ENG-109846
020 ## - INTERNATIONAL STANDARD BOOK NUMBER
International Standard Book Number 9788120349513
Terms of availability 550.00
035 ## - SYSTEM CONTROL NUMBER
System control number EN-93379
037 ## - SOURCE OF ACQUISITION
Source of stock number/acquisition DBAD/PUB
082 ## - DEWEY DECIMAL CLASSIFICATION NUMBER
Classification number 621.3
100 ## - MAIN ENTRY--PERSONAL NAME
Personal name Ray, Subir
245 00 - TITLE STATEMENT
Title Electrical power systems :
Statement of responsibility, etc by Subir Ray
Remainder of title concept, theory and practice /
250 ## - EDITION STATEMENT
Edition statement 2nd ed
260 ## - PUBLICATION, DISTRIBUTION, ETC. (IMPRINT)
Place of publication, distribution, etc New Delhi
Name of publisher, distributor, etc PHI Learing
Date of publication, distribution, etc 2014
270 ## - ADDRESS
Address Rimjhim House,111, Patparganj Industrial Estate
City New Delhi
Postal code 110092
300 ## - PHYSICAL DESCRIPTION
Extent xvii,682p. :
Dimensions 24cm(pbk)
Other physical details ill.
500 ## - GENERAL NOTE
General note Includes bibliographical references and index
942 ## - ADDED ENTRY ELEMENTS (KOHA)
Source of classification or shelving scheme Dewey Decimal Classification
Item type English Books
Call number suffix RAY
Classification part 621.3
Holdings
Withdrawn status Lost status Not for loan Collection code Home library Current library Date acquired Source of acquisition Cost, normal purchase price Full call number Barcode Copy number Cost, replacement price Koha item type
    Not For Loan Non-fiction D.B.Act.Division D.B.Act.Division 05/05/2014 DBAD/PUB 550.00 621.3 RAY EN-93379 1 550.00 English Books

© Delhi Public Library
Hit Counter
free hit counter